La vuelta al mundo en ochenta dias
Kaydedildi:
| Yazar: | |
|---|---|
| Materyal Türü: | Kitap |
| Dil: | İspanyolca |
| Baskı/Yayın Bilgisi: |
Ciudad de México
Porrua
1979
|
| Edisyon: | 6a. ed |
| Seri Bilgileri: | Sepan cuántos, 168
|
| Konular: | |
| Etiketler: |
Etiketle
Etiket eklenmemiş, İlk siz ekleyin!
|
MARC
| LEADER | 00000nam a2200000 a 4500 | ||
|---|---|---|---|
| 001 | UCY2353 | ||
| 003 | CL-VaPUC | ||
| 008 | 941021e19790000MX |||||||||||||||||spa|d | ||
| 082 | 0 | 4 | |a 843 |b VER |2 21 |
| 100 | 0 | |a Verne, Julio |e author |9 330395 | |
| 245 | 1 | 3 | |a La vuelta al mundo en ochenta dias |
| 246 | 1 | 4 | |a Las tribulaciones de un chino en China |
| 250 | |a 6a. ed | ||
| 300 | |a 231 p | ||
| 942 | |c BK | ||
| 945 | |d 19941021 00:00:00 |a oaravena | ||
| 260 | |a Ciudad de México |b Porrua |c 1979 | ||
| 650 | 0 | |a Novela francesa |9 264985 | |
| 583 | |a last modification |c 19941021 00:00:00 |k Rodrigo Vera | ||
| 490 | 0 | |a Sepan cuántos, 168 | |
| 999 | |c 230785 |d 230783 | ||
| 952 | |0 0 |1 0 |4 0 |6 843_000000000000000_VER_1979 |7 0 |8 P |9 233315 |a BIBARQ |b BIBARQ |d 2019-11-15 |i 3027724 |o 843 VER 1979 |p 3027724 |r 2025-01-20 |w 2019-11-15 |y BK |k ARQ | ||